|
|
|
|
| LEADER |
00942nam a2200217 i 4500 |
| 001 |
c000246780 |
| 003 |
CARM |
| 005 |
00000000000000.0 |
| 008 |
840419s1977 ne 000 0 eng d |
| 019 |
1 |
|
|a 9239625
|5 LACONCORD2021
|
| 035 |
|
|
|a (OCoLC)221272936
|5 LACONCORD2021
|
| 082 |
0 |
4 |
|a 020.621I
|
| 110 |
2 |
|
|a International Federation of Library Associations and Institutions.
|
| 245 |
1 |
0 |
|a 50th anniversary 1927-1977 :
|b program September 3-10, 1977 Brussels, Belgium; theme: Libraries for all; one world of information, culture and learning.
|
| 260 |
|
|
|a The Hague :
|b IFLA,
|c 1977.
|
| 300 |
|
|
|a 95 p. :
|b ill.
|
| 650 |
|
0 |
|a Library science
|x Congresses.
|
| 650 |
|
0 |
|a International librarianship
|x Congresses.
|
| 852 |
8 |
|
|b CARM
|h A2:AP06A0
|i B06775
|p 0323823
|f BK
|
| 999 |
f |
f |
|i ac3b09d8-b8a9-5607-aab2-4ce94f92bc78
|s a0ca0123-2510-5f31-a8e2-3b2e34e8a764
|
| 952 |
f |
f |
|p Can circulate
|a CAVAL
|b CAVAL
|c CAVAL
|d CARM 1 Store
|e B06775
|f A2:AP06A0
|h Other scheme
|i book
|m 0323823
|